[Event "WchT 12th"]
[Site "Astana"]
[Date "2019.03.12"]
[Round "7.4"]
[White "Artemiev, Vladislav"]
[Black "Izoria, Zviad"]
[Result "1-0"]
[WhiteElo "2736"]
[BlackElo "2603"]
[Annotator "Krasenkow,M"]
[PlyCount "89"]
[EventDate "2019.03.05"]
[EventType "team-tourn"]
[EventRounds "9"]
[EventCountry "KAZ"]
[SourceTitle "CBM 189"]
[Source "ChessBase"]
[SourceDate "2019.04.29"]
[SourceVersion "1"]
[SourceVersionDate "2019.04.29"]
[SourceQuality "1"]
[WhiteTeam "Russia"]
[BlackTeam "United States"]
[WhiteTeamCountry "RUS"]
[BlackTeamCountry "USA"]

{[%evp 0,89,19,24,13,-9,4,6,6,14,22,14,62,51,50,49,14,-14,-15,-5,13,-6,-7,-1,
34,25,19,12,10,-5,60,41,20,25,22,24,93,91,93,93,129,104,84,106,108,110,124,52,
65,61,70,63,87,92,92,97,96,76,125,125,152,158,163,162,220,210,210,215,221,198,
239,193,216,174,223,229,221,201,239,236,234,263,269,226,314,318,346,364,375,
407,428,340]} 1. Nf3 Nf6 2. c4 e6 3. Nc3 d5 4. e3 c5 5. d4 dxc4 6. Bxc4 a6 7.
O-O b5 8. Bb3 Bb7 9. e4 {This aggressive move is White's main attempt to fight
for an advantage in this system.} cxd4 (9... b4 10. Ba4+ Nfd7 11. d5 $1 bxc3
12. Qb3 Ra7 13. dxe6 fxe6 14. Qxe6+ Be7 15. Ne5 $18 {1-0 (18) Marin,M (2553)
-Taylor Bowd,P (2058) La Massana 2008}) (9... Nxe4 10. Nxe4 Bxe4 11. Re1 Bd5 (
11... c4 12. Rxe4 cxb3 13. Bg5 Be7 14. Bxe7 Qxe7 15. d5 $16) 12. dxc5 Bxb3 13.
Qxb3 Be7 (13... Bxc5 14. Qc3 $1 $18 {1-0 (20) Miton,K (2600)-Manik,M (2510)
Mallorca 2004 CBM 104 [Huzman,A]}) 14. a4 bxa4 15. Qb7 Qd5 16. Qxd5 exd5 17.
Rxa4 $16 {1-0 (33) Fomichenko,E (2515)-Wiley,T (2302) Nancy 2010}) 10. Nxd4 Nc6
(10... Nbd7 $5 {is more accurate, in my opinion. Black's pieces are
well-placed, and he should equalize without major problems, e.g.} 11. Re1 {
[%cal Re4e5] (the main continuation)} Ne5 $5 (11... Nc5 12. e5 (12. Bc2 e5 13.
Nf3 Qxd1 14. Rxd1 Ncxe4 15. Nxe4 Bxe4 16. Bxe4 Nxe4 17. Nxe5 Bc5 18. Nd3 O-O-O
$11 {1/2 (26) Yurtaev,L (2539)-Anastasian,A (2545) Abu Dhabi 1999}) 12... Nxb3
13. axb3 Bc5 14. Be3 Bxd4 15. Bxd4 Nd7 16. Qg4 O-O 17. Rad1 Qe7 18. Rd3 {
0-1 (39) Marin,M (2540)-Ivanov,V (2463) Moscow 2005} Rfd8 19. Rg3 Qf8 $13) 12.
Bd5 (12. Nd5 Nfd7 $1 13. Bg5 Qxg5 14. Nc7+ Ke7 15. Nxa8 Bxa8 16. Rc1 g6 17. g3
Qh5 18. Qd2 Bh6 $17 {1/2 (30) Ivanisevic,I (2567)-Vrolijk,L (2419) Dieren 2018}
) (12. Bf4 Ng6 13. Be3 Bb4 14. f3 O-O 15. Rc1 Qb8 $132 {0-1 (43) Korobov,A 
(2713)-Lysyj,I (2666) Warsaw 2013}) 12... exd5 13. exd5 Bd6 14. Bf4 O-O 15.
Bxe5 Bxe5 16. Rxe5 Re8 17. Rxe8+ Qxe8 18. Qd2 b4 {1/2 (19) Tkachiev,V (2636)
-So,W (2673) Wijk aan Zee 2011}) 11. Nxc6 (11. Be3 Nxd4 12. Bxd4 Be7 13. f3 O-O
14. Be3 Qb8 15. Qe2 Bc6 16. Rfd1 Bd6 17. g3 Be5 $11 {0-1 (55) Ris,R (2403)
-Gustafsson,J (2631) Germany 2011}) 11... Qxd1 12. Rxd1 Bxc6 13. f3 Bc5+ (13...
Nd7 $5 14. Be3 Bc5 15. Kf2 Bxe3+ 16. Kxe3 Ke7 17. Ne2 Bb7 {1/2 (17)
Miroshnichenko,P (2275)-Gumularz,S (2462) Krakow POL 2018}) 14. Kf1 Ke7 {
One of many possible moves, quite enough for equality.} ({After} 14... O-O {
Black's king is less vulnerable but on the other hand - far away from the main
battlefield:} 15. Bf4 Rfc8 (15... Rfd8 16. Rac1 b4 17. Ne2 Rxd1+ 18. Bxd1 Nd7
19. Bb3 Bb5 20. Bc4 Bf8 21. Be3 Bxc4 22. Rxc4 Ne5 23. Rc7 $14 {1-0 (57)
Korobov,A (2693)-Kosyrev,V (2520) Wroclaw 2014}) 16. Rac1 h6 17. Ne2 Ba7 (17...
Be8 $6 18. Nd4 Bd7 19. e5 Nd5 20. Nxe6 Bxe6 21. Bxd5 Bxd5 22. Rxd5 $16 {
1-0 (41) Visakh,N (2489)-Tarlev,K (2557) Sovata ROU 2018}) 18. Be5 Be8 19. Rc7
(19. Bd4) 19... Rxc7 20. Bxc7 Nd7 21. Ba5 Nc5 22. Bc2 Nb7 23. Bc3 Rc8 $11 {
1/2 (36) Zvjaginsev,V (2600)-Adianto,U (2590) Biel 1995}) (14... Rc8 $5 15. Bf4
Ke7 16. Rac1 Nd7 17. Ne2 Bb7 $11 ({but not} 17... Rhd8 $2 {1/2 (55) Bacrot,E 
(2695)-Bareev,E (2653) Ajaccio 2007} 18. Bxe6 $3 Kxe6 (18... fxe6 19. Bg5+ Ke8
20. Bxd8 Rxd8 21. b4 $18) 19. b4 $1 $18)) (14... Nd7 15. Bf4 Ke7 16. Rac1 Rhc8
17. Ne2 {1/2 (18) Marin,M (2597)-Levin,F (2472) Benasque 2010}) 15. Ne2 (15. e5
Nd7 16. Bg5+ Ke8 (16... f6 $2 17. exf6+ gxf6 18. Re1 e5 19. Bh4 $16 {[%csl Re7]
1-0 (28) Korobov,A (2675)-Lesiege,A (2512) Baku 2016}) 17. Rac1 h6 18. Bd2 a5
$11) (15. Bg5 h6 16. Bh4 g5 17. Bf2 Bxf2 18. Kxf2 Rhc8 $11 {1/2 (44)
Ponomariov,R (2739)-Anand,V (2788) Moscow 2009}) 15... Rhd8 $2 {A natural move,
after which Black unexpectedly gets into trouble.} (15... Rhc8 $142 $11) 16.
Bg5 {[%cal Rd1c1,Re4e5][%mdl 64]} Rxd1+ (16... h6 17. Rdc1 $1 ({but not} 17.
Bxf6+ gxf6 18. Rdc1 Kd6) 17... hxg5 18. Rxc5 Be8 19. Rxg5 $16) (16... Bd6 17.
Rxd6 $1 Kxd6 18. e5+ Kxe5 19. Bf4+ Kf5 20. Bc2+ $18 {like in the game}) 17.
Rxd1 Bd6 (17... h6 18. Rc1 $1 hxg5 19. Rxc5 Be8 20. Rxg5 $16 {- White wins a
pawn without compensation.}) 18. Rxd6 $1 Kxd6 19. e5+ Kxe5 20. Bf4+ Kf5 21.
Bc2+ Ne4 22. fxe4+ Kf6 (22... Bxe4 $2 23. g4+) 23. Kf2 $18 {With a material
adantage and a bishop pair, White should gradually win.} e5 24. Bd2 Ke7 25.
Bb4+ Ke8 26. Ba5 Bd7 27. Bb3 Rc8 28. Nc3 Rc6 29. Nd5 Rh6 30. Bc3 Kf8 31. h3 (
31. Bxe5 $143 Re6) 31... f5 32. exf5 Bxf5 33. Bxe5 a5 34. Ke3 Rc6 35. Nc3 b4
36. Bd5 Rc8 37. Nb5 Rc1 38. Nd6 Bb1 39. Nb7 Re1+ 40. Kd4 Re2 41. a4 Rxb2 42.
Nxa5 Bc2 43. Nc4 Ra2 44. Bd6+ Ke8 45. Bxb4 {[%cal Rc4d6]} 1-0

[Event "EU-Cup 25th"]
[Site "Ohrid"]
[Date "2009.10.07"]
[Round "4.4"]
[White "Babula, Vlastimil"]
[Black "Rublevsky, Sergei"]
[Result "0-1"]
[WhiteElo "2569"]
[BlackElo "2703"]
[Annotator "Krasenkow,M"]
[PlyCount "52"]
[EventDate "2009.10.04"]
[EventType "team-swiss"]
[EventRounds "7"]
[EventCountry "MKD"]
[SourceTitle "CBM 133"]
[Source "ChessBase"]
[SourceDate "2009.11.19"]
[SourceVersion "1"]
[SourceVersionDate "2009.11.19"]
[SourceQuality "1"]
[WhiteTeam "Werder Bremen"]
[BlackTeam "Ural Sverdlovskaya"]
[WhiteTeamCountry "GER"]
[BlackTeamCountry "RUS"]

1. d4 d5 2. c4 dxc4 3. e3 e6 4. Bxc4 c5 5. Nf3 a6 6. O-O Nf6 7. Bb3 cxd4 8.
exd4 Nc6 9. Nc3 Be7 10. Bg5 O-O 11. Qd2 Na5 12. Bc2 b5 13. Rad1 Bb7 14. d5 $5 {
This system (and this pawn sacrifice) was examined in detail in CBM 105 
(annotations to Cebalo - Stevic by GM A.Huzman).} exd5 $1 (14... Nxd5 $6 15.
Bxe7 Nxe7 (15... Qxe7 16. Nxd5 Bxd5 17. Qxa5) 16. Bxh7+ Kxh7 17. Qc2+ Kg8 18.
Ng5 g6 19. Rxd8 Rfxd8 20. Qc1 {1-0 Banikas,H (2519)-Panagiotopoulos,A (2109)/
Korinthos 2004/CBM 101 ext (29)}) (14... b4 $6 15. Qd3 g6 16. d6 Bxd6 17. Qxd6
Qxd6 18. Rxd6 Ne8 19. Rb6 bxc3 20. Be7 (20. b4 $1 Bxf3 (20... f6 21. Bh6) 21.
bxa5 Bd5 22. Be7 Nc7 23. Bxf8 Kxf8 24. Rc1 $18 {M.Cebalo}) 20... cxb2 21. Nd2
Nc7 22. Bxf8 Kxf8 23. Rxb2 $14 {1/2 Cebalo,M (2520)-Stevic,H (2539)/Zagreb
2004/CBM 105/[Huzman] (50)}) 15. Qf4 (15. Qd3 g6 16. Rfe1 (16. Qd4 b4 $1 17.
Bxf6 (17. Na4 Rc8 18. Bd3 Re8 19. Rfe1 Ne4) 17... Bxf6 18. Qxb4 $15 {M.Cebalo}
Rb8 $5) 16... b4 17. Nxd5 Nxd5 18. Bxe7 Nxe7 19. Qxd8 Rfxd8 20. Rxe7 Bd5 21. b3
Rac8 22. Ne1 Nc6 23. Re2 Be6 24. Red2 Rxd2 25. Rxd2 $11 {0-1 Janssen,R (2501)
-Ivanov,J (2347)/Amsterdam 2005/CBM 107 ext (37)}) 15... Nh5 (15... Rc8 $5 16.
Qh4 h5 (16... Rc4 $143 17. Bxh7+ Nxh7 18. Bxe7) 17. Bf5 Rc7 (17... Rc4 18. Ne4
$16) 18. Ne4 Nxe4 19. Qxh5 g6 20. Bxg6 fxg6 21. Qxg6+ Kh8 $11 {M.Cebalo}) 16.
Qh4 {This move leads to equality.} (16. Bxh7+ $5 Kxh7 17. Qh4 Bxg5 18. Nxg5+ {
needs a detailed analysis, e.g.} Kg6 $5 19. f4 f5 20. Rde1 (20. Rfe1 Re8 21. g4
Nxf4 22. Qh7+ Kxg5 $19) 20... Bc8 (20... Re8 21. g4 $1) 21. Rf3 $44) 16... Bxg5
17. Qxh5 (17. Nxg5 g6 18. g4 h6 $1 19. gxh5 hxg5 (19... Qxg5+ 20. Qxg5 hxg5 21.
hxg6 Rad8 22. Rfe1 $1 fxg6 23. Re6 $36) 20. Qg3 (20. Qd4 Rc8 $15 {M.Cebalo})
20... d4 $5 21. hxg6 fxg6 22. Be4 $1 $13) 17... h6 18. h4 $6 {A risky way to
play for a win.} (18. Nxg5 Qxg5 19. Qxg5 hxg5 20. Nxd5 Rae8 $11) (18. Be4 $143
$6 g6 19. Qh3 Qc8 $15 {M.Cebalo}) 18... Bf6 19. Nxd5 Bxb2 20. Rfe1 (20. Be4 $5
Nc4 $1) 20... Bxd5 21. Rxd5 Qc7 $1 $146 {[%mdl 8] Interestingly, the same
position arose in another game (from a completely different move order), in
which Black played} (21... Qf6 22. a4 {1/2 Berczes,D (2351)-Lukin,A (2417)/
Budapest 2004/CBM 102 ext} (22. Ng5 $5)) {After the text move White can't
recapture the pawn.} 22. Bb1 (22. Rc5 Qb6 $1 23. a4 Nb7) 22... Rad8 23. Rxd8 (
23. Rc5 $142 $17 {avoiding simplifications.}) 23... Rxd8 24. Qg4 Bc3 25. Rc1
Qc4 $5 26. Qg3 $2 {[%mdl 8192] A blunder in a lost position.} (26. Qxc4 Nxc4
$19 {_|_}) 26... Be5 $1 (26... Be5 27. Rxc4 Rd1+ 28. Kh2 Bxg3+ $19) 0-1

[Event "Moscow Aeroflot op-A1"]
[Site "Moscow"]
[Date "2008.02.15"]
[Round "2"]
[White "Rodshtein, Maxim"]
[Black "Kotanjian, Tigran"]
[Result "1-0"]
[WhiteElo "2614"]
[BlackElo "2545"]
[Annotator "Krasenkow,M"]
[PlyCount "53"]
[EventDate "2008.02.14"]
[EventType "swiss"]
[EventRounds "9"]
[EventCountry "RUS"]
[SourceTitle "CBM 123"]
[Source "ChessBase"]
[SourceDate "2008.04.02"]
[SourceVersion "1"]
[SourceVersionDate "2008.04.02"]
[SourceQuality "1"]

1. d4 d5 2. Nf3 Nf6 3. c4 dxc4 4. e3 e6 5. Bxc4 c5 6. O-O a6 7. Bb3 Nc6 8. Nc3
cxd4 9. exd4 Be7 10. Bg5 O-O 11. Re1 b5 12. Qd3 (12. d5 Nxd5 13. Bxd5 exd5 14.
Qxd5 Qxd5 15. Nxd5 Bxg5 16. Nxg5 Bb7 {was played in many games, and White
failed to win a single one of them! The standard text move leads to a more
complicated fight.}) 12... Nb4 $146 {Hardly a successful novelty.} (12... Bb7
$142 13. a3 (13. Rad1 Nb4 14. Qe2 Nbd5 15. Ne5 Nxc3 16. bxc3 Nd5 17. Bd2 (17.
Bxe7 Qxe7 18. Qd2 Rac8 19. Rc1 Rfd8 20. Nd3 Nf6 21. Qb2 Qd6 22. Nc5 Bd5 23. a4
Bxb3 24. Qxb3 Qd5 {1/2-1/2 Illescas Cordoba,M-Anand,V/Leon (m/4) 1997/Inf 70})
17... Rc8 (17... Bg5 $5) 18. c4 bxc4 19. Bxc4 a5 20. Rb1 Bb4 21. Red1 Rc7 22.
Qg4 Bxd2 23. Rxd2 Qc8 24. Bf1 Nf6 25. Qh3 Be4 26. Re1 Rc1 $11 {1-0 Nemet,
I-Giertz,N/Basel 2000/CBM 074 ext (29)}) 13... h6 (13... Na5 14. Bc2 g6 15. Bh6
Re8 16. Ne5 Rc8 17. Qh3 Qd6 18. Rad1 Nc4 19. Bb3 Bd5 20. Bxc4 Bxc4 21. Bg5 $36
{1-0 Cvitan,O-Doettling,F/Charleville 2000/CBM 079 ext (30)}) 14. Bxf6 Bxf6 15.
Bc2 g6 16. Rxe6 b4 (16... Nxd4 $5 17. Rxf6 Nxc2 18. Rxg6+ $11) 17. Rxf6 Qxf6
18. Ne4 Qe7 19. Qe3 (19. Re1 $5 $44) 19... Kg7 20. Nc5 Rac8 21. Bd3 Qxe3 22.
fxe3 Rc7 $13 {0-1 Figueiredo,F-Flaherty,K/ICCF Email 2001/ICCF Telechess CBM
98 (28)}) 13. Qd2 Bb7 14. Ne5 {That's the drawback of 12...Nb4!} Nbd5 $6 {
Consequently but} (14... Nc6 $5 {deserved more attention.}) 15. Qd3 Rc8 16.
Rac1 Qd6 17. Qh3 $40 {[%mdl 128]} Rfe8 (17... Nxc3 18. bxc3 b4 $5 (18... Bd5
19. Bc2 h6 20. Bxh6 gxh6 21. Qxh6 Rxc3 22. Bh7+ Nxh7 23. Rxc3 $18) 19. cxb4
Rxc1 20. Rxc1 Qxd4 21. Nxf7 $1 $16) 18. Bc2 g6 $6 {This move dangerously
weakens the dark squares.} (18... h6 $5 {looks too risky but I don't see a
direct refutation:} 19. Bxh6 gxh6 20. Qg3+ (20. Qxh6 $6 Bf8) (20. Nxd5 $6 Qxd5
21. Re3 Bd6 22. Rg3+ Kf8 23. Qxh6+ Ke7) 20... Kf8 21. Bg6 $1 Nxc3 22. bxc3 Qd5
$1 23. Bxf7 Ba3 $3 24. Bxe8 Bxc1 25. Rxc1 (25. Qg6 Qxg2+ $1 26. Qxg2 Bxg2 27.
Rxc1 Bd5 28. Bg6 Bxa2 29. Ra1 Bd5 30. Rxa6 Rxc3 31. f3 Rc7 $11) 25... Nxe8 {
White has excellent compensation for the piece but no direct win in sight.})
19. Bb3 $1 b4 (19... Nxc3 20. bxc3 Bd5 21. Bxd5 Qxd5 22. Qh4 $16) 20. Nxf7 $1 {
[%mdl 512]} (20. Nxd5 Bxd5 21. Qh4 {was very strong here, too, but White finds
a more creative solution.}) 20... Kxf7 21. Ne4 Qb6 (21... Qd7 22. Bxf6 Bxf6 23.
Qxh7+ Bg7 24. Ng5+ Kf6 25. Rxc8 Bxc8 26. Qh4 Rh8 27. Qg4 $16) 22. Bxf6 Bxf6 (
22... Nxf6 $142 23. Ng5+ Kg7 24. Nxe6+ Kh8 25. Qh6 Nh5 $1 (25... Bf8 26. Nxf8
Rxf8 27. Rxc8 Rxc8 28. Re7 $18) 26. g4 Rxc1 27. Rxc1 Qb5 28. gxh5 Rg8 29. Nc7
$1 Bg5 $1 30. Nxb5 Bxh6 31. Rc7 Rg7 32. Rxg7 Kxg7 33. Nd6 $16) 23. Rxc8 Bxc8 $8
(23... Rxc8 24. Qxh7+ Kf8 25. Bxd5 exd5 26. Nxf6 $18) 24. Bxd5 exd5 25. Ng5+ $1
Bxg5 (25... Kf8 26. Qh6+ $18) 26. Qxh7+ Kf6 27. Rxe8 {A brilliant victory for
the young Israeli GM!} 1-0

[Event "Olympiad-38"]
[Site "Dresden"]
[Date "2008.11.21"]
[Round "8"]
[White "Jakovenko, Dmitrij"]
[Black "Akobian, Varuzhan"]
[Result "1-0"]
[WhiteElo "2737"]
[BlackElo "2606"]
[Annotator "Krasenkow,M"]
[PlyCount "119"]
[EventDate "2008.11.13"]
[EventType "team-swiss"]
[EventRounds "11"]
[EventCountry "GER"]
[SourceTitle "CBM 128"]
[Source "ChessBase"]
[SourceDate "2009.01.28"]
[SourceVersion "1"]
[SourceVersionDate "2009.01.28"]
[SourceQuality "1"]
[WhiteTeam "Russia"]
[BlackTeam "US of America"]
[WhiteTeamCountry "RUS"]
[BlackTeamCountry "USA"]

1. d4 d5 2. c4 c6 3. Nf3 Nf6 4. e3 e6 5. Bd3 dxc4 6. Bxc4 c5 7. O-O a6 8. dxc5
Qxd1 9. Rxd1 Bxc5 10. b3 Nbd7 11. Bb2 b6 12. Be2 Bb7 13. Nbd2 Ke7 $6 (13... O-O
{is more popular. The text move leads to a position from the 8...Bxc5 line
with an extra tempo for White! However, it required extremely subtle play from
GM Dmitry Jakovenko to prove his edge!}) 14. Ne1 $1 (14. Nc4 {is a harmless
alternative:} Bd5 (14... Rhc8 15. a3 $6 (15. Rac1 $1) 15... Bd5 16. Nd4 $2 b5
17. Nd2 Bxd4 18. Bxd4 e5 19. Bb2 Rc2 20. Bc1 Nc5 21. b4 Na4 22. Bd3 Rc3 23. Bf1
e4 $17 {0-1 Barbero,G (2510)-Garcia Palermo,C (2475)/Nuoro 1993/EXT 2004 (48)})
(14... Rac8 $5 15. Rac1 Rhd8 16. Nfe5 Nxe5 17. Nxe5 Rxd1+ 18. Rxd1 {1/2 Simic,
R (2416)-Pikula,D (2456)/Belgrade 1999/EXT 2002}) 15. Nce5 Nxe5 16. Nxe5 Rhd8
17. Nd3 Bd6 18. f3 Bb7 19. e4 Bc7 20. Ne5 Rxd1+ 21. Rxd1 Rd8 22. Rxd8 Bxd8 23.
Kf2 Bc7 24. g3 {1/2 Bischoff,K (2510)-Van der Sterren,P (2475)/Biel 1991/EXT
2000}) ({Other options:} 14. Rab1 Rhc8 15. b4 Bd6 16. Nc4 Bc7 17. a4 Bd5 18.
Rbc1 b5 19. axb5 axb5 20. Na3 Bd6 21. Nxb5 Rxc1 22. Rxc1 {1/2 Bosboom Lanchava,
T (2272)-Graf,R (2348)/Germany 2001/CBM 082 ext}) (14. Rac1 $5 {White wants to
choose his plan later on.} Rhc8 15. Nc4 Bd5 16. Nce5 Nxe5 17. Nxe5 Bd6 18. f3
Bb7 19. Nc4 Bc5 20. b4 Bxb4 21. Nxb6 Rxc1 22. Rxc1 Rb8 23. Be5 Bd6 24. Bxd6+
Kxd6 25. e4 $14 {1-0 Krivonosov,O (2440)-Rustemov,A (2607)/ICC INT 2002/CBM
087 ext (45)}) 14... b5 (14... Bd5 15. Nd3 Bd6 16. f3 Nc5 (16... e5 $6 17. e4
Be6 18. f4 $1 Bg4 19. Bxg4 Nxg4 20. Nc4 Bc7 21. fxe5 $16 {1-0 Skalik,P (2335)
-Weglarz,L (2380)/Augustow 1996/CBM 057 (27)}) 17. Nb4 (17. Nf2 Ncd7 18. e4 Bc6
19. Nc4 Bc5 20. Kf1 $14 {1-0 Grebionkin,V (2415)-Karpatchev,A (2570)/Nizhnij
Novgorod 1998/EXT 2000 (49)}) 17... Bb7 18. Nc4 Bc7 19. Nd3 Nxd3 20. Rxd3 Rhd8
21. Ba3+ Ke8 22. Bd6 Bb8 23. Bxb8 Raxb8 24. Nd6+ $16 {1-0 Seirawan,Y (2629)
-Rowson,J (2547)/Bled 2002/EXT 2003 (43)}) 15. a4 $1 bxa4 $146 (15... b4 16.
Nd3 $14 (16. a5 Bd5 17. Bf3 Bxf3 18. gxf3 Nd5 19. Nd3 Rhc8 20. Nc4 Rab8 21.
Rac1 {1/2 Nikolov,M (2488)-Fridman,D (2640)/Plovdiv BUL 2008/The Week in Chess
702})) 16. Nd3 $1 {Even more accurate than} (16. Rxa4) 16... Rhc8 (16... axb3
$2 17. Nxc5 Nxc5 18. Ba3 Rac8 19. Nxb3 Nfe4 20. Rac1 $18) (16... Bd6 17. Nc4 $1
(17. Rxa4 $143 Nc5 $1 {and Black holds on.}) 17... axb3 18. Nxd6 Kxd6 19. Ne5+
$1 (19. Nc5+ $143 Kc7) 19... Ke7 20. Ba3+ Ke8 21. Nc4 Bd5 22. Nd6+ Ke7 23. e4
$1 b2 24. Rab1 $16) 17. Nxc5 Nxc5 18. Ba3 Nfd7 19. bxa4 Kf6 20. a5 $1 $16 {
Besides White's bishop pair, he has fixed Black's weak a6 pawn. The Russian GM
confidently converts his advantage.} Kg6 21. Rac1 Na4 22. Bd3+ f5 23. Nc4 Ndc5
24. Ne5+ Kh6 25. Bc4 Rc7 26. Rd6 Rac8 27. Bxe6 Nxe6 28. Rxe6+ Kh5 29. Rxc7 Rxc7
30. h3 (30. Nd3 {[%cal Rd3f4] was winning at once:} g5 (30... g6 31. Nf4+ Kh6
32. Bf8+ Kg5 33. f3 Nc3 34. h4+ Kxh4 35. Be7+ Kg3 36. Nh5+ gxh5 37. Bd6+ $18)
31. Bf8 {[%cal Re6h6]} Rc6 32. Re7 $18) 30... Nc5 31. Bxc5 Rxc5 32. Nd3 Rc7 (
32... Rxa5 33. Nf4+ Kg5 34. h4+ $1 Kxh4 35. Re7 {[%cal Re7b7,Re7g7]} g5 36.
Rxh7+ Kg4 37. Nd3 $18 {[%cal Rf2f3]}) 33. Nf4+ Kg5 34. Kh2 Bc8 35. Rxa6 $1 Rc2
36. Rb6 g6 37. Kg3 Kh6 38. h4 Kg7 39. h5 g5 40. Ne6+ Bxe6 41. Rxe6 Ra2 42. a6
Ra3 43. Kf3 Ra4 44. Rc6 Ra2 45. h6+ Kf7 46. g4 fxg4+ 47. Kxg4 Rxf2 48. Kxg5 Ra2
49. e4 Ra5+ 50. Kf4 Ke7 51. e5 Ra1 52. Ke4 Kd7 53. Rd6+ Ke7 54. Kd4 Rc1 55. Kd5
Ra1 56. Rb6 Kd7 57. Rb7+ Kc8 58. Rxh7 Rxa6 59. Rh8+ Kd7 60. h7 1-0